Một số vấn đề dạy học làm văn theo hướng giao tiếp ở trường phổ thông.
Những vấn đề lí luận của việc dạy học làm văn theo hướng giao tiếp. Quan điểm và những định hướng dạy học làm văn theo hướng giao tiếp. Tổ chức dạy học các kiểu bài học làm văn theo hướng giao tiếp.
Gardado en:
| Autor Principal: | |
|---|---|
| Formato: | Libro |
| Idioma: | Vietnamese |
| Publicado: |
H.
Đại học Sư phạm
2015
|
| Những chủ đề: | |
| Các nhãn: |
Engadir etiqueta
Sen Etiquetas, Sexa o primeiro en etiquetar este rexistro!
|
| Thư viện lưu trữ: | Mạng thư viện Đại học Đà Nẵng |
|---|
| LEADER | 01459nam a2200337 4500 | ||
|---|---|---|---|
| 001 | 000024088 | ||
| 003 | 20567 | ||
| 005 | 20161011101046.0 | ||
| 008 | 161006s2015 viesd | ||
| 020 | |a 9786045421772 |c 36000đ | ||
| 041 | 0 | |a vie | |
| 082 | 1 | 4 | |a 807 |b NG-H |
| 100 | 1 | |a Nguyễn Thị Hiên | |
| 245 | 1 | 7 | |a Một số vấn đề dạy học làm văn theo hướng giao tiếp ở trường phổ thông. |c Nguyễn Thị Hiên |
| 260 | |a H. |b Đại học Sư phạm |c 2015 | ||
| 300 | |a 156 tr. |c 21 cm. | ||
| 520 | 3 | |a Những vấn đề lí luận của việc dạy học làm văn theo hướng giao tiếp. Quan điểm và những định hướng dạy học làm văn theo hướng giao tiếp. Tổ chức dạy học các kiểu bài học làm văn theo hướng giao tiếp. | |
| 650 | 0 | 4 | |a Ngữ văn |x Phương pháp giảng dạy |
| 650 | 0 | 4 | |a Tập làm văn |x Giáo dục trung học |
| 653 | |a Giáo dục trung học phổ thông | ||
| 653 | |a Phương pháp giảng dạy | ||
| OWN | |a LSP | ||
| AVA | |a UDN50 |b LSP |d 807 NG-H |e available |t Error 5001 Not defined in file expand_doc_bib_avail. |f 4 |g 0 |h N |i 0 |k 1 | ||
| 999 | |a From the UDN01 | ||
| AVA | |a UDN50 |b LSP |d 807 NG-H |e available |t Error 5001 Not defined in file expand_doc_bib_avail. |f 4 |g 0 |h N |i 0 |k 1 | ||
| TYP | |a Monograph | ||
| TYP | |a Printed language | ||
| 980 | |a Mạng thư viện Đại học Đà Nẵng | ||


